Normal view MARC view
  • Schweizerischer Verein fur Vermessungswesen und Kulturtechnik

Entry Corporate Name

Number of records used in: 1

001 - CONTROL NUMBER

  • control field: 5304

003 - CONTROL NUMBER IDENTIFIER

  • control field: SIRSI

005 - DATE AND TIME OF LATEST TRANSACTION

  • control field: 20190806150242.0

008 - FIXED-LENGTH DATA ELEMENTS

  • fixed length control field: 070807n| acannaabn |n ana d

040 ## - CATALOGING SOURCE

  • Original cataloging agency: OSt
  • Transcribing agency: OSt

110 2# - HEADING--CORPORATE NAME

  • Corporate name or jurisdiction name as entry element: Schweizerischer Verein fur Vermessungswesen und Kulturtechnik

670 ## - SOURCE DATA FOUND

  • Source citation: Schweizerische Zeitschrift fur Vermessung, Photogrammetrie und Kulturtechnik, 1966-1971